书目信息 |
| 题名: |
土地利用规划学
|
|
| 作者: | 王万茂 主编 | |
| 分册: | ||
| 出版信息: | 北京 科学出版社 2006 |
|
| 页数: | 18,438页 | |
| 开本: | 26cm | |
| 丛书名: | 土地科学丛书 | |
| 单 册: | ||
| 中图分类: | F301.23 | |
| 科图分类: | ||
| 主题词: | 土地规划--概论 , 土地规划 | |
| 电子资源: | ||
| ISBN: | 7-03-017822-X | |
| 000 | 01000oam2 2200313 450 | |
| 001 | 003304890 | |
| 005 | 20070805081557.39 | |
| 010 | @a7-03-017822-X@dCNY59.00 | |
| 035 | @a003304890 | |
| 100 | @a20060210d2006 em y0chiy0110 ea | |
| 101 | 0 | @achi |
| 102 | @aCN@b110000 | |
| 105 | @ay z 000yy | |
| 106 | @ar | |
| 200 | 1 | @a土地利用规划学@Atu di li yong gui hua xue@f王万茂主编@Fwang wan mao zhu bian |
| 210 | @a北京@c科学出版社@d2006 | |
| 215 | @a18,438页@d26cm | |
| 225 | 2 | @a土地科学丛书@Atu di ke xue cong shu |
| 300 | @a中国土地学会土地科学专项基金资助 | |
| 312 | @a封面英文题名:Planning of land use | |
| 330 | @a本书系统阐述了土地利用总体规划、土地利用详细规划和土地利用专项规划的基本理论和方法。 | |
| 461 | 0 | @1001003335273@12001 @a土地科学丛书 |
| 510 | 1 | @aPlanning of land use@zeng |
| 606 | 0 | @a土地规划@x概论 |
| 606 | 0 | @a土地规划 |
| 690 | @aF301.23@v4 | |
| 701 | 0 | @a王万茂@Awang wan mao@f(1937~)@4主编 |
| 801 | 0 | @aCN@bNLC@c20070805 |
| 905 | @dF301.23@e28@f4 | |
| 土地利用规划学/王万茂主编.-北京:科学出版社,2006 |
| 18,438页;26cm.-(土地科学丛书) |
| 中国土地学会土地科学专项基金资助 |
| ISBN 7-03-017822-X:CNY59.00 |
| 本书系统阐述了土地利用总体规划、土地利用详细规划和土地利用专项规划的基本理论和方法。 |
| ● |
| 相关链接 |
|
|
|
|
正题名:土地利用规划学
索取号:F301.23/28
 
预约/预借
| 序号 | 登录号 | 条形码 | 馆藏地/架位号 | 状态 | 备注 |
| 1 | 0851953 | 208519539 | 第一样本阅览室/ [索取号:F301.23/28] | 在馆 | |
| 2 | 0851954 | 208519548 | 第一借阅区/ [索取号:F301.23/28] | 在馆 | |
| 3 | 0851955 | 208519557 | 第一借阅区/ [索取号:F301.23/28] | 在馆 | |
| 4 | 0851956 | 208519566 | 第一借阅区/ [索取号:F301.23/28] | 在馆 |